| 000 | 00651nam a2200229 u 4500 | ||
|---|---|---|---|
| 005 | 20240815063732.0 | ||
| 008 | 171127s2007 ag r 000 0 spa d | ||
| 020 | _a9789870006602 | ||
| 035 | _aUPN01000221797 | ||
| 049 | _aI | ||
| 050 | 4 |
_aPZ76.3 _bF4.3 |
|
| 100 | 1 |
_aFebrés, Sonia _941885 |
|
| 245 | 1 | 0 |
_aGusa Gusi / _cSonia Febrés. |
| 260 |
_aBuenos Aires : _bLumen, _c2007. |
||
| 300 |
_a[13] p. : _bil. |
||
| 440 | 0 | _aCuentos de ver | |
| 650 | 4 |
_aAnimales _xHábitos y comportamiento _91059 |
|
| 650 | 4 |
_aGUSANOS - _vLITERATURA INFANTIL _926999 |
|
| 650 | 4 |
_aLibros y lectura para niños _92290 |
|
| 905 | _aInfantil | ||
| 999 |
_c193894 _d193894 |
||